| 000 | 01121 a2200193 4500 | ||
|---|---|---|---|
| 001 | 34962 | ||
| 005 | 20260407155634.0 | ||
| 008 | 260407a1976 arg spa d | ||
| 003 | AR-UNSa-BCEJYS | ||
| 040 |
_aAR-UNSa-BCEJYS _bspa _cAR-UNSa-BCEJYS |
||
| 080 |
_a658.014 _xEstructura organizativa. Jerarquización. (Organigrama) |
||
| 245 | 1 | 0 | _aTeoría de la estructura organizacional |
| 264 | 1 |
_aBuenos Aires : _bEl Coloquio _c1976 |
|
| 300 |
_a250 p. _c21 cm. |
||
| 505 | _a1. Concepción semántica del término estructura - 2. Concepción metodológica de las estructuras - 3. Límites y niveles de aplicación del concepto de estructura en la ciencia de la administración - 4. Evolución del concepto de estructura desde el enfoque formalista y organismico hasta el enfoque científico - 5. Hipótesis fundamentales para elaborar una teoría de la estructura organizacional - 6. Análisis de los conceptos básicos de la estructura de la organización - 7. Formulación de una teoría de la estructura organizacional. | ||
| 942 | _cBK | ||
| 590 | _aniveau_biblio:m niveau_hierar:0 | ||
| 100 | 1 | _aHermida, Jorge Alfredo | |
| 999 |
_c2515 _d2515 |
||